Sustainable urban development reader / (Record no. 53264)
[ view plain ]
| 000 -LEADER | |
|---|---|
| fixed length control field | 00631nam a2200229Ia 4500 |
| 005 - DATE AND TIME OF LATEST TRANSACTION | |
| control field | 20260429112257.0 |
| 008 - FIXED-LENGTH DATA ELEMENTS--GENERAL INFORMATION | |
| fixed length control field | 260429s9999||||xx |||||||||||||| ||und|| |
| 020 ## - INTERNATIONAL STANDARD BOOK NUMBER | |
| International Standard Book Number | 9781032331935 |
| 041 ## - LANGUAGE CODE | |
| Language | English |
| 082 ## - DEWEY DECIMAL CLASSIFICATION NUMBER | |
| Classification number | 307.1 |
| Item number | WHE |
| 100 ## - MAIN ENTRY--PERSONAL NAME | |
| Personal name | Wheeler, Stephen M. |
| 245 #0 - TITLE STATEMENT | |
| Title | Sustainable urban development reader / |
| Statement of responsibility, etc | Stephen M. Wheeler |
| 250 ## - EDITION STATEMENT | |
| Edition statement | 4th ed. |
| 260 ## - PUBLICATION, DISTRIBUTION, ETC. (IMPRINT) | |
| Place of publication, distribution, etc | London : |
| Name of publisher, distributor, etc | Routledge, |
| Date of publication, distribution, etc | 2023. |
| 300 ## - PHYSICAL DESCRIPTION | |
| Extent | xxxii, 508 p.; pbk |
| 440 ## - SERIES STATEMENT/ADDED ENTRY--TITLE | |
| Title | Routledge urban reader series |
| 650 ## - SUBJECT ADDED ENTRY--TOPICAL TERM | |
| Topical term or geographic name as entry element | Urban |
| 650 ## - SUBJECT ADDED ENTRY--TOPICAL TERM | |
| Topical term or geographic name as entry element | Sustainable development |
| 700 ## - ADDED ENTRY--PERSONAL NAME | |
| Personal name | Stout, Frederic |
| 700 ## - ADDED ENTRY--PERSONAL NAME | |
| Personal name | LeGates, Richard T. |
| 942 ## - ADDED ENTRY ELEMENTS (KOHA) | |
| Koha item type | Text Books |
| Withdrawn status | Lost status | Damaged status | Not for loan | Collection code | Home library | Location | Shelving location | Date of Cataloging | Source of acquisition | Total Checkouts | Full call number | Barcode | Date last seen | Price effective from | Koha item type |
|---|---|---|---|---|---|---|---|---|---|---|---|---|---|---|---|
| Non-fiction | CUTN Central Library | CUTN Central Library | Social Sciences | 29/04/2026 | Segment Book Distributors, New Delhi - Invoice No. 71459 on 09-02-2026 | 307.1 WHE | 58592 | 29/04/2026 | 29/04/2026 | Text Books |
